El miedo a la libertad

Enregistré dans:
Détails bibliographiques
Auteur principal: Fromm, Erich (Auteur)
Format: Livre
Langue:espagnol
Publié: Buenos Aires Paidós 1968
Collection:Biblioteca del Hombre Contemporáneo, 7
Sujets:
Tags: Ajouter un tag
Pas de tags, Soyez le premier à ajouter un tag!

MARC

LEADER 00000cam a2200000 a 4500
001 UCZ6616
003 CL-VaPUC
008 951211e19680000AG |||||||||||||||||spa|d
082 0 4 |a 123.5  |b FRO  |2 21 
100 0 |a Fromm, Erich  |e author  |9 315922 
245 1 3 |a El miedo a la libertad 
300 |a 345 p 
942 |c BK 
945 |d 19951211 00:00:00  |a lriquelm 
260 |a Buenos Aires  |b Paidós  |c 1968 
650 0 |a Libre albedrío  |9 334583 
650 0 |a Psicología social   |9 222894 
650 0 |a Naturaleza humana   |9 308593 
650 0 |a Epistemología   |9 264994 
650 0 |a Psicoanálisis   |9 265702 
650 0 |a Relaciones interpersonales  |9 307056 
583 |a last modification  |c 20160602 17:24:14  |k Rodrigo Vera 
490 0 |a Biblioteca del Hombre Contemporáneo, 7 
999 |c 242810  |d 242808 
952 |0 0  |1 0  |4 0  |6 123_500000000000000_FRO_1968  |7 0  |8 A  |9 256015  |a BIBEDU  |b BIBEDU  |d 2019-11-19  |i 1604333  |o 123.5 FRO 1968  |p 1604333  |r 2019-11-19  |w 2019-11-19  |y BK  |k EDU 
952 |0 0  |1 0  |4 0  |6 123_500000000000000_FRO_1968  |7 0  |8 A  |9 256016  |a BIBEDU  |b BIBEDU  |d 2019-11-19  |i 1605917  |o 123.5 FRO 1968  |p 1605917  |r 2019-11-19  |w 2019-11-19  |y BK  |k EDU 
952 |0 0  |1 0  |3 erb  |4 0  |6 123_500000000000000_FRO_1968  |7 0  |8 A  |9 256017  |a BIBTEO  |b BIBTEO  |e Villagrán Garnham, Jorge  |i 5186196  |o 123.5 FRO 1968  |p 5186196  |r 2025-01-17  |w 2019-11-19  |y BK  |z Catalogado en:20150728  |k ICR 
952 |0 0  |1 0  |3 erb  |4 0  |6 123_500000000000000_FRO_1968  |7 0  |8 A  |9 256018  |a BIBEDU  |b BIBEDU  |i 5415160  |l 2  |m 1  |o 123.5 FRO 1968  |p 5415160  |r 2022-05-16  |s 2022-05-16  |w 2019-11-19  |y BK  |z Catalogado en:20170818  |k PSI